Which Country Is More Populated? #3 - Statistics

General Stats
  • This quiz has been taken 15 times
  • The average score is 3 of 5
Answer Stats
Question Answer % Correct
Which Country Is More Populated? Jamaica
93%
Which Country Is More Populated? Cambodia
73%
Which Country Is More Populated? Sierra Leone
67%
Which Country Is More Populated? Czechia
47%
Which Country Is More Populated? Zambia
40%
No matching quizzes found
Score Distribution
Percent of People with Each Score
Percentile by Number Answered
Your Score History
You have not taken this quiz